000 00453nam a22001937a 4500
005 20231005111232.0
008 230925b |||||||| |||| 00| 0 eng d
020 _a9781418835560
082 _a005.133
_bBRO
100 _aBronson;Gray.J
245 _aA first book of ANSI C
250 _a4th ed.
260 _aCanada
_bThomson
_c2007
300 _a768
500 _aInclude Index
650 _aComputer
700 _aGray J.Bronson
999 _c33691
_d33691